Načítá se...

News Coverage

Podrobná bibliografie
Hlavní autor: T. Rajsekhar
Médium: Printed Book
Vydáno: Sonali Publications, New Delhi 2008
LEADER 00365nam a2200109 4500
082 |a 070.435 RAJ 
100 |a T. Rajsekhar 
245 |a News Coverage  |c T. Rajsekhar 
260 |a Sonali Publications, New Delhi  |c 2008 
942 |c BK 
999 |c 198004  |d 198004 
952 |0 0  |1 0  |4 0  |6 070_435000000000000_RAJ  |7 0  |9 211353  |a DCI  |b DCI  |d 2019-10-29  |l 0  |o 070.435 RAJ  |p DCI4736  |r 2019-10-29  |w 2019-10-29  |y BK